| 000 | 00493cam a2200181ua 4500 | ||
|---|---|---|---|
| 001 | 11801 | ||
| 008 | 191108n ii |||gr||||Z||||||asm | ||
| 040 | _cMAIN | ||
| 082 | _a891.45103 | ||
| 100 |
_aKiran Sarma, _eEditor. |
||
| 245 |
_aSanskrit asamiya abhidhan _cCompiled by Kiran Sarma |
||
| 250 | _a5th ed. | ||
| 260 |
_aGuwahati: _bChandra Praskash, _c2012. |
||
| 300 | _a733p. | ||
| 653 | _aEast Indo-European & Celtic literatures | ||
| 653 | _aAssamese-Sanskrit Dicionary | ||
| 942 | _cBK | ||
| 999 |
_c10596 _d10596 |
||